Normal view
MARC view
Entry Personal Name
001 - CONTROL NUMBER
- control field: 62175
003 - CONTROL NUMBER IDENTIFIER
- control field: dpl
005 - DATE AND TIME OF LATEST TRANSACTION
- control field: 20240215155919.0
008 - FIXED-LENGTH DATA ELEMENTS
- fixed length control field: 240215|| aca||aabn | a|a d
040 ## - CATALOGING SOURCE
- Original cataloging agency: dpl
- Transcribing agency: dpl
100 ## - HEADING--PERSONAL NAME
- Personal name: Upinder, Singh
670 ## - SOURCE DATA FOUND
- Source citation: Work cat.: (dpl)200820: Upinder, Singh, A History of Ancient and Early Medieval India:, 2024
